书目信息 |
| 题名: |
乔布斯的魔力演讲
|
|
| 作者: | 加洛 著 ;葛志福 译 | |
| 分册: | ||
| 出版信息: | 北京 中信出版社 2011 |
|
| 页数: | 250页 | |
| 开本: | 23cm | |
| 丛书名: | ||
| 单 册: | ||
| 中图分类: | F471.266 | |
| 科图分类: | ||
| 主题词: | 电子计算机工业--工业企业管理--经验--美国 , 电子计算机工业 , 工业企业管理 | |
| 电子资源: | ||
| ISBN: | 978-7-5086-3077-9 | |
| 000 | 01012nam0 2200277 45 | |
| 001 | 1237668997 | |
| 005 | 20120618095252.12 | |
| 010 | @a978-7-5086-3077-9@dCNY36.00 | |
| 100 | @a20120406d2011 em y0chiy50 ea | |
| 101 | 1 | @achi@ceng |
| 102 | @aCN@b110000 | |
| 105 | @aak z 000yy | |
| 106 | @ar | |
| 200 | 1 | @a乔布斯的魔力演讲@AQiao Bu Si De Mo Li Yan Jiang@f(美)卡迈恩·加洛(Camine Gallo)著@F( Mei ) Ka Mai En· Jia Luo (Camine Gallo) Zhu@g葛志福译 |
| 205 | @a2版 | |
| 210 | @a北京@c中信出版社@d2011 | |
| 215 | @a250页@c图@d23cm | |
| 330 | @a这本书会让你全身心体验乔布斯的演讲过程。或许他很难被模仿,但是试试看,这会让你的聆听者保持高度的热情和关注,每次开口,注定成就一场激动人心的体验之旅。 | |
| 606 | 0 | @a电子计算机工业@x工业企业管理@x经验@y美国 |
| 606 | 0 | @a电子计算机工业 |
| 606 | 0 | @a工业企业管理 |
| 690 | @aF471.266@v4 | |
| 701 | 0 | @c(美)@a加洛@AJia Luo@c(Gallo, Camine)@4著 |
| 702 | 0 | @a葛志福@AGe Zhi Fu@4译 |
| 801 | 0 | @aCN@bTSTCL@c20120606 |
| 905 | @b0818023-26@dF471.266@e56=2@f4 | |
| 乔布斯的魔力演讲/(美)卡迈恩·加洛(Camine Gallo)著/葛志福译.-2版.-北京:中信出版社,2011 |
| 250页:图;23cm |
| ISBN 978-7-5086-3077-9:CNY36.00 |
| 这本书会让你全身心体验乔布斯的演讲过程。或许他很难被模仿,但是试试看,这会让你的聆听者保持高度的热情和关注,每次开口,注定成就一场激动人心的体验之旅。 |
| ● |
| 相关链接 |
|
|
|
|
正题名:乔布斯的魔力演讲
索取号:F471.266/56=2
 
预约/预借
| 序号 | 登录号 | 条形码 | 馆藏地/架位号 | 状态 | 备注 |
| 1 | 0818023 | 208180234 | 第一样本阅览室/ [索取号:F471.266/56=2] | 在馆 | |
| 2 | 0818024 | 208180243 | 第一借阅区/ [索取号:F471.266/56=2] | 在馆 | |
| 3 | 0818025 | 208180252 | 第一借阅区/ [索取号:F471.266/56=2] | 在馆 | |
| 4 | 0818026 | 208180261 | 第一借阅区/ [索取号:F471.266/56=2] | 在馆 |